000 01252nam a2200313 i 4500
003 EG-GICUC
005 20260203151130.0
008 260203s2000 ua ||||fr|||| 00| 0 ara d
017 _a2000/19437
040 _a EG-GICUC
_bara
_c EG-GICUC
_d EG-GICUC
_erda
041 _aara
082 0 4 _221
_a343.36324
_bإ ي . ح
092 0 4 _221
099 _aLaw1 10 343.36324 إ ي . ح2000
100 0 _aإيهاب سلام
_eمؤلف.
245 1 2 _aالحبس الإحتياطى بين النصوص القانونية والانتهاكات العملية :
_bتقرير حول موضوع الحبس الاحتياطي فى مصر /
_cالإعداد إيهاب سلام.
264 1 _aالجيزة :
_bمركز حقوق الإنسان لمساعدة السجناء،
_c2000.
300 _a79 صفحة ;
_c24 سم.
336 _2rda content
_atext
337 _2rda media
_aComputer
338 _2rda carrier
_aOnline Resource
504 _aيشتمل على إرجاعات ببليوجرافية.
546 _aالنص باللغة العربية
650 1 _aالقانون الجنائي
650 1 _aالحبس الاحتياطي
856 4 0 _uhttps://fll.law.cu.edu.eg/fulltext/bks/B10-04511.pdf
905 _a43
942 _2ddc
_n0
_cBK
_e21
999 _c60642
_d60642